Born in Breda - Statistics

General Stats
  • This quiz has been taken 7 times
  • The average score is 3 of 5
Answer Stats
Hint Answer % Correct
Footballer who plays for Liverpool and the Dutch national team 1991 Virgil van Dijk
100%
DJ and record producer nicknamed "Godfather of EDM" 1969 Tiësto
83%
DJ and record producer, "Show Me Love vs Be" "Call Me a Spaceman" 1988 Hardwell
67%
Manager of Elvis Presley, portrayed by Tom Hanks in "Elvis" 1909 Colonel Tom Parker
50%
Footballer who plays for Wolfsburg and the Dutch women's national team 1999 Caitlin Dijkstra
17%
No matching quizzes found
Score Distribution
Percent of People with Each Score
Percentile by Number Answered
Your Score History
You have not taken this quiz